00868nam a2200193 i 450000100060000000300090000600500170001500700030003200800410003508000310007610000440010724502390015126000750039030000210046560000360048670000250052271000330054785200940058049377ES-MaACL20260115063027.0t|030715s1842 sp ||||1| spa d a34.096 Puidullés, José1 aCortina y Arenzana, Manuel, d1802-187910aDefensa oral hecha por el Exmo. Sr. D. Mamuel [sic] Cortina ante el Supremo Tribunal de Justicia en la causa seguida contra don José Puidullés... a la cual van unidas la sentencia que le ha puesto término y su hoja de servicios. aMadrid : b[s.n.], c1842 (fEstab. Tip. Calle del Sordo, número 11) a68 p. ; c18 cm.14aPuidullés, José-xProcesos.1 aPuidullés, José.1 aEspaña. bTribunal Supremo4 aES-MaACLjT-20-F-9 z- Enc. hol., falto de cub. original z- Enc. en un vol. facticio